| 000 | 01017nam a2200217Ia 4500 | ||
|---|---|---|---|
| 003 | OSt | ||
| 005 | 20241004104611.0 | ||
| 007 | ca aa aaaaa | ||
| 008 | 201103s9999 xx 000 0 und d | ||
| 040 | _cSSBUL | ||
| 041 | _abur | ||
| 082 |
_223 _a၂၉၄.၃၀၁ ဉာ _b၉၀၈၄ S-SAT |
||
| 100 | 0 |
_a ဉာဏဓဇ၊ ဦး၊ အစိုးရဓမ္မာစရိယ B.E(E.P)77 _917292 |
|
| 245 | 1 | 0 |
_aအသက်(၅၀)ကျော်လူသားတစ်ဦး၏ဘဝအတွေးအမြင် / _cဦးဉာဏဓဇအစိုးရဓမ္မာစရိယ B.E(E.P)77။ |
| 260 |
_aရန်ကုန် ၊ _bသာသနာရေးဦးစီးဌာန၊ _c၂၀၀၉။ |
||
| 300 |
_a၂၂၆ စာမျက်နှာ ၊ _c၁၈ စင်တီ။ |
||
| 500 | _aS-SAT: Dr. Sai Aung Tun | ||
| 650 |
_aဗုဒ္ဓဘာသာ _xစိတ်ပညာ _915173 |
||
| 650 |
_aဗုဒ္ဓဘာသာ _xအတွေးအခေ် _954861 |
||
| 942 |
_2ddc _cBK1 |
||
| 999 |
_c16662 _d16662 |
||